=LDR 00000nam 2200000 4500 =001 INLIS000000000023101 =005 20201216063903 =035 ##$$a 0010-061300000023101 =008 201216################g##########0#ind## =041 ##$$a ind =082 ##$$a 330.917 =090 ##$$a 330.917, SUM m =100 ##$$a Sumodiningrat, Gunawan =245 1#$$a Membangun perekonomian rakyat /$c DR. Gunawan Sumodiningrat, M.Ec. =260 ##$$a Yogyakarta :$b Pustaka Pelajar bekerjasama IDEA,$c 1998 =300 ##$$a x, 166 hlm. : $b ilus. ; $c 21 x 15 cm. =650 #4$$a Perekonomian Rakyat =850 ##$$a NBPNMAT =020 ##$$a 979-9075-31-9 =084 ##$$a 330.917 SUM m =990 ##$$a 130.858/Pro-98 =990 ##$$a 141.605/Pro-99